| 000 | 00679nam a2200265Ia 4500 | ||
|---|---|---|---|
| 001 | 12564 | ||
| 003 | GE_BSU | ||
| 008 | 181216s||||||||xx |||||||||||||| ||und|| | ||
| 020 | _a9782011554208 | ||
| 040 | _cGE_BSU | ||
| 080 | _a811.133.1 | ||
| 100 | _aBerthet, Annie. Hugot, Catherine. Kizirian, Veronique M.. Sampsonis, Beatrix Waendendries | ||
| 245 | _aAlter Ego. Methode de Frangais. A1. 1 | ||
| 245 | _bCd inclus | ||
| 260 | _aParis | ||
| 260 | _bHachette | ||
| 260 | _c2006 | ||
| 300 | _a192p.ill.29cm. | ||
| 300 | _eCD | ||
| 541 | _h69Gel. | ||
| 653 | _aAlter Ego. | ||
| 653 | _aMethode de Frangais | ||
| 653 | _aგრამატიკა | ||
| 942 | _cBK | ||
| 999 |
_c45737 _d45737 |
||